00571nam a2200169Ia 4500008004000000020001800040082001700058100002100075245001600096260004000112300000700152650001700159690001700176906001100193999001900204952017800223210210b2000 xxu||||| |||| 00| 0 eng d a0 7513 2002 1 a615.532 LOCH aLOCKIE (Andrew). aHomeopathy. aLondon.bDorling Kindersley.,c2000 a72 aHomeopathy  aPharmacology a057248 c104366d104366 001040708medical scienceaALbALcmedical scienced2021-02-17eHigginbothams (P) Ltd., Mangalore-01.g210.00l0o615.532 LOCHp057248r2021-02-17 00:00:00w2021-02-17yBK